| 000 | 00736nam a22001937a 4500 | ||
|---|---|---|---|
| 999 |
_c20268 _d20268 |
||
| 003 | AR-CdUCM | ||
| 008 | 190528b ||||| |||| 00| 0 spa d | ||
| 040 |
_aMUNICIPALIDAD PROVINCIAL DEL CUSCO _cBIBLIOTECA MUNICIPAL DEL CUSCO |
||
| 082 |
_a335.4 / _bA75 |
||
| 100 |
_aA. Arnóldov _942356 |
||
| 245 | _aEl leninismo y la revolución cultural / | ||
| 260 |
_aMoscu : _bAgencia de prensa nóvosti, _c1975. |
||
| 300 |
_a78 páginas ; _bFotos a b/n _c17 cm. |
||
| 505 | _aContenido : El socialismo y la herencia cultural -- La ciencia para el pueblo -- La unión fraternal de las culturas nacionales... | ||
| 650 |
_aRevolución cultural socialista _942357 |
||
| 650 |
_aLucha por la paz _942358 |
||
| 942 |
_2ddc _cLIBROS |
||
| 945 | _aandy | ||